000 00511nam a2200205Ia 4500
003 OSt
005 20260217101216.0
008 210210b1981 xxu||||| |||| 00| 0 eng d
040 _cAL
041 _aHindi
082 _aH491.3 CHAP
100 _aCHATURVEDI (Mahendra).
_9255246
245 _aPractical hindi-english dictionary
250 _a7
260 _aNew Delhi.
_bNational Publishing House.,
_c1981
300 _axvi,875
690 _aHindi Dictionary
_9255247
906 _a036704
942 _2ddc
_cBK
999 _c86907
_d86907